| 000 | 01355cab a2200253 4500 | ||
|---|---|---|---|
| 001 | ABS50688 | ||
| 008 | 090401t1994 xxu||||| |||| 00| 0 eng d | ||
| 035 | _a(Sirsi) u4607 | ||
| 041 | _aeng | ||
| 245 | _aDallhold Estates (UK) Pty Ltd v Lindsey Trading Properties Inc | ||
| 260 | _c1994 | ||
| 350 | _a0 | ||
| 490 |
_aEstates Gazette _v(1994) 17 EG 148-154(7) |
||
| 520 | _aCA 19 November 1993. D, a tenant, failed to pay quarterly rent for a year. L served a notice to pay which, after being unanswered for two months, was followed by notice to quit under the Agricultural Holdings Act. This was challenged by D asking whether L had served a notice under the Landlord and Tenant Act 1987 s48. L confirmed D`s address and reissued a notice to pay. D applied for and was granted a declaration that no rent was due as a s48 notice had not been served. The decision was overturned on L`s appeal and D`s cross-appeal, contending that the rent was irrecoverable, was quashed. | ||
| 650 | _aAGRICULTURAL HOLDINGS ACT 1986 SCH 3 CASE D | ||
| 650 | _aPROPERTY-LANDLORD AND TENANT-TENANCIES-AGRICULTURAL TENANCIES | ||
| 650 | _aLANDLORD AND TENANT ACT 1987 S48 | ||
| 650 | _aNOTICE TO PAY | ||
| 650 | _aNOTICE TO QUIT | ||
| 650 | _aRENT ARREARS | ||
| 690 | _aLANDLORD AND TENANT-CASE LAW-AGRICULTURAL TENANCIES | ||
| 942 | _n0 | ||
| 948 | _c04/03/1997 | ||
| 999 |
_c2789 _d2789 |
||